BIBLIOTHÈQUE DE LA MAISON DU MEXIQUE

Logo 1 Logo 2

Universidad nacional y democracia (notice nᵒ 37)

détails MARC
000 -Sello discográfico
campo de control de longitud fija 01146nam a2200325 4500
005 - Identificación de versión
campo de control 20251016081853.0
010 ## - Número Estándar Internacional de Libros (ISBN)
Número (ISBN) 968-842-211-8
035 ## - Otros números de control del sistema
Número de control del sistema 18364
099 ## - fechas locales
Tipo de ítem Koha LIBRO
100 ## - Datos de procesamiento general
Datos de procesamiento general 19930801d1990 m y1spay5003 ba
105 ## - Campo de datos codificados: Material textual, monográfico
Datos codificados de monografía y 001zy
200 1# - Título y mención de responsabilidad
Título propio Universidad nacional y democracia
Designación general del material texto impreso
Primer mención de responsabilidad Coordinador Sergio Zermeño
Declaración de responsabilidad subsiguiente presentación por Pablo González Casanova
205 ## - Declaración de edición
Declaración de edición 1a ed
210 ## - Publicación, distribución, etc.
Lugar de publicación, distribución, etc. México
Nombre del editor, distribuidor, etc. Universidad Nacional Autónoma de México, Centro de Investigaciones Interdisciplinarias en Humanidades
-- Miguel Angel Porrúa
Fecha de publicación, distribución, etc. 1990
215 ## - Descripción física
Designación de material específico y extensión del ítem 166 p
Dimensiones 21 cm
345 ## - Nota de información de adquisición
Fuente de adquisición/dirección de la suscripción [OBSOLETO] Donación
410 #1 - Series
Título Colección México
Lugar de publicación Actualidad y perspectivas
606 ## - Término temático usado como materia
Elemento de entrada Democracia
Subdivisión geográfica México
Número Koha 129
606 ## - Término temático usado como materia
Elemento de entrada Universidades y colegios superiores
Subdivisión geográfica México
Número Koha 130
660 ## - Código de área geográfica
Código MX
700 ## - Nombre personal - Responsabilidad primaria
Elemento de entrada Zermeño García Granados
Parte del nombre distinta del elemento de entrada Sergio
Fechas 1947-
Número Koha 131
702 ## - Nombre personal - Responsabilidad secundaria
Elemento de entrada González Casanova del Valle
Parte del nombre distinta del elemento de entrada Pablo
Fechas 1922-2023
Número Koha 132
801 #0 - Fuente de origen
Agencia cm
900 ## -
-- 1/10313
900 ## -
-- 710935983\\010893
942 ## - ELEMENTOS DE ENTRADA SECUNDARIOS (KOHA)
Tipo de ítem Koha Livre
996 ## -
-- MEX
-- 751145101
-- MMAG
-- 003639
-- 378.72 Z58U
-- 20191119LIV
Exemplaires
Estatus retirado Estado de daño Estado de pérdida Fecha de adquisición Biblioteca de origen Biblioteca actual Ubicación en estantería Código de barras Precio de reemplazo Signatura topográfica completa No para préstamo Tipo de ítem Koha Nota pública Nota no pública
      05/08/2025 Casa México Paris Casa México Paris   003639 05/08/2025 378.72 Z58U   Livre 20191119LIV 751145101